| 000 | 00711nam a2200205Ia 4500 | ||
|---|---|---|---|
| 003 | GCL | ||
| 005 | 20240530110929.0 | ||
| 008 | 140319s9999 xx 000 0 ara d | ||
| 040 |
_aGCL / _cGCL |
||
| 082 | 0 | 4 |
_a913.3 _bع ر |
| 100 | 0 | _aعبدالحكم عبداللطيف الصعيدى | |
| 245 | 1 | 0 |
_aالرحلة فى الاسلام : انواعها وادابها / _cعبدالحكم عبداللطيف الصعيدى |
| 250 | _aط. 1 | ||
| 260 |
_aالقاهرة : _bمكتبة الدار العربية للكتاب، _c1996 |
||
| 300 |
_a115 ص. ؛ _c20 سم |
||
| 650 | 0 | 4 | _aشبه الجزيرة العربية |
| 650 | 0 | 4 | _aالرحلات |
| 650 | 0 | 4 | _aوصف ورحلات |
| 942 |
_2ddc _cBK |
||
| 999 |
_c66617 _d66617 |
||